1718 1098 1064 1043 1107 1331 1143 1185 1200 1772 1788 1995 1711 1192 1751 1701 1134 1296 1073 1731 1673 1261 1841 1181 1144 1495 1564 1498 1605 1342 1674 1825 1842 1006 1462 1096 1799 1952 1804 1681 1085 1880 1665 1924 1067 1626 1308 1549 1572 1066 1293 1168 1520 1731 1252 1272 1587 1987 1528 1522 1176 1336 1598 1635 1441 1204 1864 1826 1492 1708 1967 1081 1130 1805 1979 1253 1474 1639 1476 1242 1975 1651 1819 1221 1031 1054 1908 1551 1204 1696 1683 1336 1540 1228 1248 1933 1918 1060 1058 BCNSPRNW ULIB Ver.6.0+V

เปลี่ยนเป็นภาษาไทย

Change to English
 แสดงรายละเอียดบรรณานุกรม
  กลับหน้าหลัก

Brief Record : Get Marc (ISO 2709) : E-mail record : QR code < ปิดหน้าต่าง
LEADER : 00000nam 2200000uu 4500
001    13399113629
003     ULIB
008    111128s2552||||th 000 0 tha d
020    ^a9786110600255
090    ^aนว.^bL111K 2552
100 0  ^aเตี่ยนซิน
245 00 ^aดวงใจบ่มรัก/^cเตี่ยนซิน
250    ^aพิมพ์ครั้งที่ 1
260    ^aกรุงเทพฯ :^bแจ่มใส,^c2552
300    ^a209 หน้า
700 0  พวงหยก ;^eแปล
710 1  ^aแจ่มใส
945    ^p149^l0^i16427
995    ^aทศพร
999    ^aใช้งานได้ทุกระบบ
รายการนี้ยังไม่มีแท็ก
คุณยังไม่ได้ล็อกอิน คุณสามารถมีกิจกรรมร่วมกับเว็บไซต์ได้ แต่ต้องล็อกอินก่อน ::
  ล็อกอิน

รายการสื่อสารสนเทศ

ลำดับที่ ประเภท เลขเรียก/บาร์โค้ด สถานที่ สถานะ
1. นวนิยาย
นวนิยาย
นว. L111K 2552 ฉ.1 
  Barcode: 16427
ห้องสมุดวิทยาเขตสวรรค์ประชารักษ์
►นวนิยาย
บนชั้น
  ขอยืม

รายการใกล้เคียง
    ผู้แต่ง [เตี่ยนซิน]

BibComment


ยังไม่เคยถูกคอมเมนท์

คอมเมนท์ทรัพยากรรายการนี้
  คอมเมนท์: ดวงใจบ่มรัก เตี่..


 Copyright 2026. Bcnsprnw @Library